[Event "G7-2 2014"]
[Site "Skorping"]
[Date "2014.04.18"]
[Round "4"]
[White "Thybo, Thomas Sondergaard"]
[Black "Thybo, Jan"]
[Result "1-0"]
[WhiteElo "1466"]
[BlackElo "1238"]
[PlyCount "63"]
[EventDate "2014.??.??"]
[EventType "swiss"]
[EventRounds "7"]

1. g4 Nc6 2. Bg2 b6 3. c3 Bb7 4. b4 Rb8 5. Nf3 d5 6. d4 Nf6 7. h3 e6 8. Bf4 Bd6
9. Bg5 O-O 10. Nbd2 Re8 11. e4 Be7 12. e5 Nd7 13. Bxe7 Rxe7 14. O-O f6 15. exf6
Nxf6 16. Re1 Qf8 17. Ng5 Rbe8 18. Qa4 a5 19. a3 Ra8 20. Qb3 a4 21. Qc2 b5 22.
Nxe6 Qc8 23. Nc5 Rxe1+ 24. Rxe1 Ra7 25. Qa2 Nd8 26. Nxb7 Qxb7 27. c4 c6 28.
cxd5 Nxd5 29. Re5 Qc7 30. Bxd5+ cxd5 31. Qxd5+ Qf7 32. Re8# 1-0

[Event "G7-2 2014"]
[Site "Skorping"]
[Date "2014.04.19"]
[Round "5"]
[White "Hansen, Erik Olsgaard"]
[Black "Ehlers, Kjeld"]
[Result "1-0"]
[WhiteElo "1777"]
[BlackElo "1537"]
[PlyCount "137"]
[EventDate "2014.??.??"]
[EventType "swiss"]
[EventRounds "7"]

1. e4 c5 2. Nf3 d6 3. d4 cxd4 4. Nxd4 Nf6 5. Nc3 a6 6. Bg5 e6 7. f4 Nbd7 8. Qf3
Be7 9. O-O-O Qc7 10. g4 b5 11. Bxf6 Bxf6 12. g5 Bxd4 13. Rxd4 Bb7 14. Bg2 Rc8
15. Qf2 Nb6 16. f5 O-O 17. Rf1 Qc5 18. Rd3 Nc4 19. Nd1 b4 20. Ne3 Qe5 21. Nxc4
Rxc4 22. Rd2 Rfc8 23. Re1 a5 24. Qe3 d5 25. Qg3 Qxg3 26. hxg3 dxe4 27. fxe6
fxe6 28. Re3 a4 29. b3 axb3 30. axb3 R4c5 31. Bxe4 Bxe4 32. Rxe4 Rc3 33. Rxb4
Rxg3 34. Rb5 Rgc3 35. Rf2 e5 36. Kb1 R3c5 37. Rb7 Rf8 38. Rxf8+ Kxf8 39. b4 Rc8
40. Kc1 Rd8 41. Rb5 Re8 42. Kd2 Kf7 43. Rb6 Rd8+ 44. Ke3 Rd4 45. Rb5 Ke6 46.
Rb7 g6 47. c3 Rg4 48. Rxh7 Rxg5 49. Rc7 Rg3+ 50. Ke4 g5 51. Rc6+ Kd7 52. b5 Rg1
53. Kxe5 g4 54. Kf4 Rb1 55. c4 g3 56. Kxg3 Rd1 57. Rh6 Rc1 58. Rc6 Rf1 59. c5
Rf5 60. Kg4 Rf1 61. Rd6+ Kc8 62. b6 Rc1 63. c6 Rc5 64. Rf6 Kd8 65. Rd6+ Kc8 66.
Rh6 Kd8 67. Rh8+ Ke7 68. c7 Kd7 69. Rd8+ 1-0

[Event "G7-2 2014"]
[Site "Skorping"]
[Date "2014.04.19"]
[Round "5"]
[White "Jacobsen, Per"]
[Black "Meldgaard, Frode"]
[Result "1-0"]
[WhiteElo "1536"]
[BlackElo "1798"]
[PlyCount "67"]
[EventDate "2014.??.??"]
[EventType "swiss"]
[EventRounds "7"]

1. b3 e5 2. Bb2 Nc6 3. e3 d5 4. Nf3 f6 5. Be2 Bd6 6. d4 e4 7. Nfd2 Nge7 8. a3
f5 9. c4 b6 10. Nc3 dxc4 11. Bxc4 Na5 12. b4 Nxc4 13. Nxc4 O-O 14. Nxd6 cxd6
15. O-O d5 16. Rc1 Qe8 17. a4 Rf6 18. Ne2 Be6 19. Nf4 Bf7 20. Rc7 Nc6 21. Qb3
Qd8 22. Rb7 Qc8 23. Rxf7 Rxf7 24. Rc1 Qd7 25. Nxd5 Qe6 26. Rxc6 Qe8 27. b5 Rd8
28. Nc7 Qd7 29. Ne6 Re8 30. Ng5 Ree7 31. Ba3 h6 32. Nxf7 Rxf7 33. Qe6 Qxe6 34.
Rxe6 1-0

[Event "G7-2 2014"]
[Site "Skorping"]
[Date "2014.04.19"]
[Round "5"]
[White "Jessen, Ernst J"]
[Black "Strange, Markus"]
[Result "1-0"]
[WhiteElo "1602"]
[BlackElo "1360"]
[PlyCount "62"]
[EventDate "2014.??.??"]
[EventType "swiss"]
[EventRounds "7"]

1. c4 e5 2. Nc3 Nf6 3. a3 b6 4. e4 Bb7 5. d3 Bc5 6. Be3 Bxe3 7. fxe3 O-O 8. Nf3
Ng4 9. Qd2 f5 10. O-O-O fxe4 11. dxe4 d6 12. h3 Nf6 13. Bd3 Nbd7 14. Ng5 Nc5
15. Qc2 h6 16. Nf3 a5 17. a4 Qd7 18. b3 Na6 19. Kb2 Nb4 20. Qb1 Qc6 21. Nd5 Qc5
22. Ne7+ Kh7 23. Nd5 c6 24. Nc7 Qxe3 25. Nxa8 Bxa8 26. Bc2 Nxc2 27. Qxc2 Nxe4
28. Rhe1 Qf2 29. Rxe4 Qxc2+ 30. Kxc2 c5 31. Re2 e4 1-0

[Event "G7-2 2014"]
[Site "Skorping"]
[Date "2014.04.19"]
[Round "5"]
[White "Johansen, Kjeld"]
[Black "Andersen, Aage Kristian"]
[Result "1-0"]
[WhiteElo "1580"]
[BlackElo "1588"]
[PlyCount "71"]
[EventDate "2014.??.??"]
[EventType "swiss"]
[EventRounds "7"]

1. c4 c5 2. Nf3 Nc6 3. g3 g6 4. Bg2 Bg7 5. O-O Nf6 6. Nc3 O-O 7. d3 e6 8. Rb1
d5 9. cxd5 Nxd5 10. Nxd5 exd5 11. Bd2 Re8 12. Re1 b6 13. a3 Bg4 14. b4 cxb4 15.
axb4 Nd4 16. Nxd4 Bxd4 17. h3 Be6 18. e3 Bg7 19. e4 dxe4 20. dxe4 Qd7 21. Kh2
Rad8 22. Bf4 Qe7 23. Qa4 Qd7 24. b5 Re7 25. Red1 Qc8 26. e5 Bf5 27. Rxd8+ Qxd8
28. Rd1 Qe8 29. Bg5 Rd7 30. Bc6 Bxe5 31. Bxd7 Bxd7 32. Qxa7 Bxg3+ 33. Kxg3 Qe5+
34. Bf4 Qc3+ 35. f3 Bxb5 36. Qb8+ 1-0

[Event "G7-2 2014"]
[Site "Skorping"]
[Date "2014.04.19"]
[Round "5"]
[White "Jorgensen, Alexander Torp"]
[Black "Rasmussen, Henning (1934)"]
[Result "0-1"]
[WhiteElo "1745"]
[BlackElo "1734"]
[PlyCount "124"]
[EventDate "2014.??.??"]
[EventType "swiss"]
[EventRounds "7"]

1. e4 e6 2. Nf3 d5 3. Nc3 Nf6 4. e5 Nfd7 5. d4 c5 6. Ne2 Nc6 7. c3 Qb6 8. g3 a5
9. a3 a4 10. Bh3 c4 11. O-O Be7 12. Nf4 Nf8 13. Nh5 Rg8 14. Qc2 Bd7 15. Bg5
O-O-O 16. Bxe7 Nxe7 17. Ng5 Be8 18. Nxh7 Rh8 19. Nxg7 Rxh7 20. Nxe8 Rxe8 21.
Qxa4 Qc6 22. Qxc6+ Nxc6 23. Bg4 Ng6 24. f4 Reh8 25. Rf2 Nge7 26. a4 Rg8 27. Bd1
Na5 28. b4 cxb3 29. Rb1 Kc7 30. Bxb3 Nxb3 31. Rxb3 Nc6 32. Rfb2 Rb8 33. h4 b6
34. Rb5 Na5 35. Re2 Nc4 36. Kh2 Ra8 37. Rb4 Rg8 38. Rb1 Ra8 39. Rb4 Rg8 40. Re1
Rhg7 41. Rg1 Nd2 42. Kh3 Ne4 43. h5 Rxg3+ 44. Rxg3 Rxg3+ 45. Kh4 Rg8 46. c4 Nd2
47. cxd5 exd5 48. h6 Ne4 49. Rb3 Rg6 50. Kh5 Ng3+ 51. Rxg3 Rxg3 52. f5 Kd7 53.
Kh4 Rg1 54. h7 Rh1+ 55. Kg5 Rxh7 56. Kf6 Ke8 57. e6 fxe6 58. fxe6 Rh5 59. e7
Rh4 60. Ke5 Kxe7 61. Kxd5 Kd7 62. Kc4 Kc6 0-1

[Event "G7-2 2014"]
[Site "Skorping"]
[Date "2014.04.19"]
[Round "5"]
[White "Larsen, Henning"]
[Black "Jakobsen, Niels Jorgen"]
[Result "1-0"]
[WhiteElo "1737"]
[BlackElo "1641"]
[PlyCount "79"]
[EventDate "2014.??.??"]
[EventType "swiss"]
[EventRounds "7"]

1. e4 e5 2. Nf3 Nc6 3. Bb5 a6 4. Ba4 Nf6 5. O-O Be7 6. Re1 b5 7. Bb3 O-O 8. a4
b4 9. c3 Bb7 10. d4 bxc3 11. bxc3 d6 12. Nbd2 Rb8 13. Nf1 Qc8 14. Ng3 Nd8 15.
Nf5 Re8 16. Nxe7+ Rxe7 17. Bg5 Ne6 18. Bxf6 gxf6 19. Nh4 Ng7 20. Bc2 Kh8 21.
Re3 exd4 22. cxd4 f5 23. exf5 Rxe3 24. fxe3 f6 25. Qg4 Qe8 26. e4 Bc8 27. Qf3
c6 28. Rb1 Rxb1+ 29. Bxb1 Qh5 30. Qxh5 Nxh5 31. g3 Kg7 32. a5 Kf8 33. Kf2 Ng7
34. Ke3 Ke8 35. e5 dxe5 36. dxe5 Ke7 37. exf6+ Kxf6 38. Kd4 Ne8 39. Kc5 Bd7 40.
Be4 1-0

[Event "G7-2 2014"]
[Site "Skorping"]
[Date "2014.04.19"]
[Round "5"]
[White "Larsen, Jens Evald"]
[Black "Bichel, Nikolaj"]
[Result "0-1"]
[WhiteElo "1242"]
[BlackElo "1196"]
[PlyCount "86"]
[EventDate "2014.??.??"]
[EventType "swiss"]
[EventRounds "7"]

1. d4 Nf6 2. c4 c5 3. e3 d6 4. Nf3 Nbd7 5. d5 g6 6. b3 Bg7 7. Bb2 O-O 8. Bd3 b5
9. O-O Qb6 10. Nbd2 a5 11. Qc2 b4 12. Rfe1 a4 13. Rab1 axb3 14. axb3 Bb7 15. e4
Ra2 16. Ra1 Rfa8 17. Rxa2 Rxa2 18. Ra1 Rxa1+ 19. Bxa1 Qa5 20. Qb1 Nxe4 21. Bxg7
Nxd2 22. Nxd2 Kxg7 23. Qe1 Ne5 24. Be4 Qa2 25. Qd1 Bc8 26. h3 Qb2 27. Nf3 Nxf3+
28. Bxf3 Bf5 29. Qe2 Qxe2 30. Bxe2 Bc2 31. Kf1 Kf6 32. Ke1 Bxb3 33. Kd2 Ke5 34.
Kd3 Ba2 35. Bd1 f5 36. g3 g5 37. h4 h6 38. hxg5 hxg5 39. Ba4 f4 40. gxf4+ gxf4
41. Bd1 Bb1+ 42. Bc2 Bxc2+ 43. Kxc2 Kd4 0-1

[Event "G7-2 2014"]
[Site "Skorping"]
[Date "2014.04.19"]
[Round "5"]
[White "Ng, Sau Wai"]
[Black "Asmund, Erik"]
[Result "0-1"]
[WhiteElo "1116"]
[BlackElo "1425"]
[PlyCount "60"]
[EventDate "2014.??.??"]
[EventType "swiss"]
[EventRounds "7"]

1. d4 Nf6 2. c4 e6 3. Nf3 b6 4. Nc3 Bb7 5. Bg5 Be7 6. e3 Ne4 7. Bxe7 Qxe7 8.
Nxe4 Bxe4 9. Nd2 Bb7 10. Bd3 g6 11. O-O d6 12. Re1 O-O 13. Rb1 Nd7 14. Qc2 Rac8
15. b4 Ba8 16. Qb2 Qg5 17. g3 h5 18. Be4 Bxe4 19. Nxe4 Qf5 20. Nd2 e5 21. Rbd1
e4 22. Rf1 Rce8 23. Rde1 Qh3 24. f3 f5 25. Qa3 h4 26. Qxa7 hxg3 27. hxg3 Qxg3+
28. Kh1 Re7 29. Re2 Rh7+ 30. Rh2 Qxh2# 0-1

[Event "G7-2 2014"]
[Site "Skorping"]
[Date "2014.04.19"]
[Round "5"]
[White "Nielsen, Rune"]
[Black "Holmstrom, Johan Ravnborg"]
[Result "0-1"]
[WhiteElo "1607"]
[BlackElo "1744"]
[PlyCount "88"]
[EventDate "2014.??.??"]
[EventType "swiss"]
[EventRounds "7"]

1. Nf3 Nf6 2. d4 e6 3. c4 Bb4+ 4. Bd2 Qe7 5. Qc2 Bxd2+ 6. Nbxd2 d6 7. e4 e5 8.
d5 a5 9. Rc1 b6 10. a3 a4 11. h3 Bd7 12. Nb1 Na6 13. Nc3 Nc5 14. Nd2 O-O 15.
Nb5 Ne8 16. Bd3 Qg5 17. Kf1 g6 18. h4 Qe7 19. h5 f5 20. Nf3 f4 21. hxg6 hxg6
22. Nh4 Qg5 23. Be2 Kg7 24. Nf3 Qf6 25. Nh2 Rh8 26. Bf3 g5 27. Ke2 Nb3 28. Ng4
Qf8 29. Qb1 Nxc1+ 30. Qxc1 Rxh1 31. Qxh1 Qh8 32. Qc1 Qh4 33. g3 Qh3 34. Nxe5
dxe5 35. Qc3 Kf6 36. Qb4 Kf7 37. Nxc7 Nxc7 38. Qd6 Ne8 39. Qxe5 Bg4 40. Qxg5
Bxf3+ 41. Kxf3 Qh1+ 42. Kxf4 Qc1+ 43. Kf5 Nd6+ 44. Kg4 Rg8 0-1

[Event "G7-2 2014"]
[Site "Skorping"]
[Date "2014.04.19"]
[Round "5"]
[White "Pedersen, Lars Wisler"]
[Black "May, Samuel Peter Heine"]
[Result "1-0"]
[WhiteElo "1808"]
[BlackElo "1571"]
[PlyCount "147"]
[EventDate "2014.??.??"]
[EventType "swiss"]
[EventRounds "7"]

1. e4 e5 2. Nf3 Nf6 3. Nc3 Nc6 4. Bb5 a6 5. Bxc6 dxc6 6. Nxe5 Nxe4 7. Nxe4 Qd4
8. O-O Qxe5 9. Re1 Be6 10. d4 Qd5 11. Ng5 O-O-O 12. Nxe6 fxe6 13. c3 c5 14. Be3
c4 15. Bf4 Bd6 16. Bxd6 cxd6 17. Qg4 Rde8 18. Re2 g6 19. Rae1 Kd7 20. Re3 Qf5
21. Qe2 Qd5 22. Qc2 Rhf8 23. Qa4+ Qb5 24. Qc2 Qf5 25. Qe2 Qd5 26. f3 Rf6 27.
Rb1 Qf5 28. Qf1 d5 29. Qd1 e5 30. dxe5 Rxe5 31. Rxe5 Qxe5 32. Qe1 Qxe1+ 33.
Rxe1 b5 34. Kf2 a5 35. Re5 Rd6 36. Ke3 b4 37. Kd4 Kc6 38. Re8 bxc3 39. bxc3 Rd7
40. Rc8+ Kb6 41. Re8 Kc6 42. a4 Kb7 43. Re2 Kc6 44. Re5 Rd6 45. Re8 Rd7 46.
Rc8+ Kb6 47. Rb8+ Kc6 48. Re8 Kb6 49. h4 Kc6 50. h5 gxh5 51. Re6+ Kb7 52. Rh6
Rg7 53. Rxh5 Rxg2 54. Rxh7+ Kb6 55. Rh6+ Kb7 56. Kxd5 Ra2 57. f4 Rxa4 58. f5
Ra1 59. f6 Rf1 60. Ke6 Re1+ 61. Kf7 Kb6 62. Kg7 Rf1 63. f7+ Kb5 64. Rf6 Rg1+
65. Kh6 Rh1+ 66. Kg7 Rg1+ 67. Kf8 Ka4 68. Ke8 Rb1 69. Kd7 Rb7+ 70. Kc6 Rxf7 71.
Rxf7 Kb3 72. Rf3 a4 73. Kc5 a3 74. Kd4 1-0

[Event "G7-2 2014"]
[Site "Skorping"]
[Date "2014.04.19"]
[Round "5"]
[White "Rasmussen, Johnny Koust"]
[Black "Hansen, Henrik Damgaard"]
[Result "0-1"]
[WhiteElo "1759"]
[BlackElo "1733"]
[PlyCount "132"]
[EventDate "2014.??.??"]
[EventType "swiss"]
[EventRounds "7"]

1. e4 d5 2. exd5 Nf6 3. Nf3 Qxd5 4. Nc3 Qa5 5. d4 Bf5 6. Bd3 Bxd3 7. Qxd3 c6 8.
O-O Nbd7 9. Bf4 e6 10. Ne5 Nxe5 11. Bxe5 Nd7 12. Bf4 O-O-O 13. Ne4 Nc5 14. Nxc5
Bxc5 15. c3 Be7 16. Qc2 h5 17. b4 Qd5 18. Rfd1 g5 19. Be3 Qd7 20. c4 Qc7 21.
Rab1 f5 22. b5 cxb5 23. Rxb5 a6 24. Re5 f4 25. Bc1 Rxd4 26. Rxd4 Qxe5 27. Re4
Qd6 28. Bb2 Rd8 29. Rd4 Qc7 30. Re4 Qc6 31. Re1 Bb4 32. Rb1 Rd2 33. Qb3 Bc5 34.
Rf1 Qb6 35. Qxb6 Bxb6 36. Bf6 Bd8 37. Bxd8 Kxd8 38. g4 hxg4 39. Re1 Ke7 40. Rb1
Rd7 41. Kg2 Kf6 42. h3 gxh3+ 43. Kxh3 Kf5 44. Rb2 g4+ 45. Kg2 f3+ 46. Kg1 Rc7
47. c5 Rxc5 48. Rxb7 Ra5 49. Rf7+ Kg6 50. Rf8 Rxa2 51. Rg8+ Kf5 52. Rf8+ Ke5
53. Rg8 Ra4 54. Kh2 a5 55. Kg3 Kd5 56. Rd8+ Kc6 57. Ra8 Kb7 58. Rd8 Re4 59. Rd1
a4 60. Kh4 a3 61. Ra1 Ra4 62. Kg5 Kc6 63. Kf6 Kd5 64. Rd1+ Kc4 65. Kxe6 a2 66.
Kf5 Kc3 0-1

[Event "G7-2 2014"]
[Site "Skorping"]
[Date "2014.04.19"]
[Round "5"]
[White "Rose, Dennis Lauge"]
[Black "Kristensen, Peter"]
[Result "0-1"]
[WhiteElo "1746"]
[BlackElo "1765"]
[PlyCount "82"]
[EventDate "2014.??.??"]
[EventType "swiss"]
[EventRounds "7"]

1. d4 f5 2. Nc3 d5 3. Nf3 e6 4. Bf4 c6 5. Ne5 Nf6 6. a3 Be7 7. h3 Nbd7 8. e3
O-O 9. g4 Ne4 10. Nxe4 fxe4 11. Bg3 Nxe5 12. dxe5 g5 13. c3 a5 14. Qc2 Bc5 15.
h4 Qb6 16. Qe2 Rf3 17. Bg2 Rxg3 18. fxg3 Bxe3 19. Rf1 Bc5 20. O-O-O Qc7 21. Qd2
e3 22. Qe2 Qxe5 23. Qf3 e2 24. Qf7+ Kh8 25. Qe8+ Kg7 26. Qf7+ Kh8 27. Qe8+ Kg7
28. Rf7+ Kh6 29. Re1 Qe3+ 30. Kc2 e5 31. Qg8 Bf5+ 32. gxf5 Rxg8 33. hxg5+ Kxg5
34. Rxh7 Qf2 35. Rhh1 Qxg2 36. Kd2 Kxf5 37. Rh5+ Rg5 38. Rh7 Rxg3 39. Rxe2 Be3+
40. Kd1 Qf1+ 41. Re1 Qd3# 0-1

[Event "G7-2 2014"]
[Site "Skorping"]
[Date "2014.04.19"]
[Round "5"]
[White "Staugaard, Henning"]
[Black "Porsgaard, Per Lykke"]
[Result "1/2-1/2"]
[WhiteElo "1320"]
[BlackElo "1451"]
[PlyCount "71"]
[EventDate "2014.??.??"]
[EventType "swiss"]
[EventRounds "7"]

1. e4 c5 2. Nf3 Nc6 3. Nc3 d6 4. Bb5 a6 5. Bc4 e6 6. O-O Nf6 7. a3 Be7 8. d3
O-O 9. Bd2 d5 10. exd5 exd5 11. Ba2 d4 12. Ne4 Nd5 13. Qe2 Bg4 14. c3 dxc3 15.
Bxd5 Qxd5 16. Nxc3 Bxf3 17. Nxd5 Bxe2 18. Rfe1 Bxd3 19. Nxe7+ Nxe7 20. Rxe7 b5
21. Bf4 Rfd8 22. Rae1 h6 23. h3 Kf8 24. Rc7 c4 25. Ree7 Bg6 26. Ra7 a5 27. Reb7
Rxa7 28. Rxa7 a4 29. Bc7 Rd7 30. Ra8+ Ke7 31. Be5 f6 32. Bc3 Be4 33. Bb4+ Kf7
34. Rf8+ Kg6 35. Kh2 Rd4 36. Re8 1/2-1/2

[Event "G7-2 2014"]
[Site "Skorping"]
[Date "2014.04.19"]
[Round "5"]
[White "Thybo, Jan"]
[Black "Konradsen, Steen"]
[Result "0-1"]
[WhiteElo "1238"]
[BlackElo "1519"]
[PlyCount "87"]
[EventDate "2014.??.??"]
[EventType "swiss"]
[EventRounds "7"]

1. Nf3 d5 2. g3 Nf6 3. Bg2 h6 4. d3 Bf5 5. O-O e6 6. Nc3 Be7 7. e4 dxe4 8. dxe4
Qxd1 9. Rxd1 Nxe4 10. Nxe4 Bxe4 11. Ne5 Bxg2 12. Kxg2 Bd6 13. Nc4 Ke7 14. Nxd6
cxd6 15. b3 Nc6 16. Bb2 f6 17. Ba3 Rhd8 18. Rd3 Ne5 19. Rd2 Rac8 20. Rc1 Nf7
21. Re1 e5 22. f4 Ke6 23. Rf2 g6 24. g4 Rc6 25. f5+ gxf5 26. gxf5+ Ke7 27. c4
b6 28. h4 Rg8+ 29. Kh3 a6 30. Rf3 b5 31. Rc3 Rgc8 32. Bb2 bxc4 33. Rec1 d5 34.
Ba3+ Nd6 35. Bxd6+ Kxd6 36. bxc4 Rxc4 37. Rxc4 Rxc4 38. Rb1 Kc7 39. Rg1 Rf4 40.
Rg6 Rxf5 41. Rxh6 d4 42. Kg4 Rf4+ 43. Kg3 d3 44. Rh7+ 0-1

[Event "G7-2 2014"]
[Site "Skorping"]
[Date "2014.04.19"]
[Round "5"]
[White "Thybo, Thomas Sondergaard"]
[Black "Petersen, Bjarne (1954)"]
[Result "1/2-1/2"]
[WhiteElo "1466"]
[BlackElo "1657"]
[PlyCount "37"]
[EventDate "2014.??.??"]
[EventType "swiss"]
[EventRounds "7"]

1. g4 g6 2. Bg2 Bg7 3. d4 c5 4. c3 cxd4 5. cxd4 Nc6 6. e3 d5 7. Nc3 e6 8. Nge2
Nf6 9. g5 Nd7 10. e4 dxe4 11. Bxe4 Nb6 12. Be3 Nd5 13. Nxd5 exd5 14. Bf3 Be6
15. Nf4 Qd7 16. Rc1 O-O 17. Rc5 Qd6 18. Bxd5 Bxd4 19. Rxc6 1/2-1/2

[Event "G7-2 2014"]
[Site "Skorping"]
[Date "2014.04.20"]
[Round "6"]
[White "Kristensen, Peter"]
[Black "Holmstrom, Johan Ravnborg"]
[Result "1-0"]
[WhiteElo "1765"]
[BlackElo "1744"]
[PlyCount "105"]
[EventDate "2014.??.??"]
[EventType "swiss"]
[EventRounds "7"]

1. e4 Nf6 2. e5 Nd5 3. d4 d6 4. c4 Nb6 5. exd6 cxd6 6. Nc3 g6 7. Be3 Bg7 8. b3
Nc6 9. Rc1 O-O 10. Be2 f5 11. d5 Ne5 12. Nh3 h6 13. g3 Nbd7 14. Nf4 Nf6 15. h4
Qa5 16. Bd2 Qb6 17. Be3 Qa5 18. O-O Kh7 19. Kg2 Bd7 20. Rh1 Neg4 21. Bd4 h5 22.
Nh3 Kg8 23. Ng5 Rae8 24. Bxg4 Nxg4 25. Ne2 Bxd4 26. Qxd4 Qc5 27. Qxc5 dxc5 28.
Nf4 Rf6 29. Rhe1 Ra6 30. Re2 Nf6 31. Nxg6 Nxd5 32. Ne5 Nf6 33. Nd3 Rc6 34. Rce1
Kf8 35. Ne5 Rd6 36. Ng6+ Kg7 37. Nxe7 Bc6+ 38. Nxc6 Rxe2 39. Rxe2 Rxc6 40. Re7+
Kg6 41. Rxb7 Ra6 42. a4 Ng4 43. Rb5 Rc6 44. Nh3 Ne5 45. Nf4+ Kh6 46. Rb8 Rb6
47. Rxb6+ axb6 48. Nd5 Nd7 49. Kf3 Ne5+ 50. Kf4 Nd3+ 51. Kxf5 Nc1 52. Nxb6 Nxb3
53. Nd7 1-0

[Event "G7-2 2014"]
[Site "Skorping"]
[Date "2014.04.20"]
[Round "6"]
[White "Hansen, Henrik Damgaard"]
[Black "Rose, Dennis Lauge"]
[Result "0-1"]
[WhiteElo "1733"]
[BlackElo "1746"]
[PlyCount "76"]
[EventDate "2014.??.??"]
[EventType "swiss"]
[EventRounds "7"]

1. e4 c5 2. d4 cxd4 3. c3 dxc3 4. Nxc3 a6 5. Bc4 Nc6 6. a3 e6 7. Nf3 Be7 8. O-O
b5 9. Ba2 Bb7 10. Qe2 Nf6 11. Rd1 O-O 12. e5 Ng4 13. h3 Nh6 14. Ne4 Nf5 15. g4
Nh4 16. Nxh4 Bxh4 17. Nd6 Rb8 18. Be3 Nxe5 19. Nxb7 Rxb7 20. Bc5 Qf6 21. Bxf8
Kxf8 22. Rac1 Qf4 23. Kg2 d5 24. Rc8+ Ke7 25. Qe3 Qxe3 26. fxe3 Nc4 27. Bxc4
bxc4 28. Rd2 Bg5 29. Kf2 Bf6 30. Rc6 a5 31. Ke2 Bxb2 32. a4 Be5 33. Rc5 Bc3 34.
Rc2 Kd6 35. Rc8 Bb4 36. h4 Bc5 37. Kf3 Rb3 38. Re2 Ra3 0-1

[Event "G7-2 2014"]
[Site "Skorping"]
[Date "2014.04.20"]
[Round "6"]
[White "Rasmussen, Henning (1934)"]
[Black "Pedersen, Lars Wisler"]
[Result "1/2-1/2"]
[WhiteElo "1734"]
[BlackElo "1808"]
[PlyCount "103"]
[EventDate "2014.??.??"]
[EventType "swiss"]
[EventRounds "7"]

1. f4 d6 2. Nf3 Nc6 3. e4 g6 4. d4 Bg7 5. d5 Nb8 6. c3 Nd7 7. Be3 e5 8. dxe6
fxe6 9. Bc4 Nb6 10. Bb3 Qe7 11. Nbd2 Nf6 12. Qe2 Bd7 13. Bc2 Ng4 14. Bg1 Rf8
15. h3 Nf6 16. g4 Bc6 17. Nd4 Bd7 18. N4f3 c5 19. Bd3 Bc6 20. Bb5 Qd7 21. Bxc6
Qxc6 22. O-O-O O-O-O 23. Bh2 Rfe8 24. e5 Nfd5 25. exd6 Na4 26. Ne5 Qxd6 27. Qc4
Bxe5 28. fxe5 Qd7 29. Ne4 Rf8 30. Nxc5 Nxc5 31. Qxc5+ Kb8 32. Qd6+ Ka8 33. Qxd7
Rxd7 34. Rhf1 Rxf1 35. Rxf1 b6 36. Rf8+ Kb7 37. Rf3 Kc6 38. Kc2 b5 39. b3 Nb6
40. Rf4 Nd5 41. Rf3 a5 42. a3 Nb6 43. Bg1 Nd5 44. c4 Nc7 45. Rd3 bxc4 46. bxc4
Rf7 47. Bd4 Rf1 48. Bc3 a4 49. Bb4 Rf2+ 50. Kc3 Re2 51. Bd6 Na6 52. Rd2 1/2-1/2